Loading...
Solaris 7 System Administrator
| Main Author: | |
|---|---|
| Format: | Printed Book |
| Published: |
Dreamtech Press
2000
|
| LEADER | 00445nam a2200133 4500 | ||
|---|---|---|---|
| 020 | |a 81-7722-072-1 | ||
| 082 | |a 005.432 SOL | ||
| 100 | |a Ambro, Darrel L | ||
| 245 | |a Solaris 7 System Administrator |c Darrel L Ambro |h [Text] | ||
| 260 | |b Dreamtech Press |c 2000 | ||
| 300 | |a Paper back | ||
| 942 | |c BK | ||
| 999 | |c 82682 |d 82682 | ||
| 952 | |0 0 |1 0 |4 0 |6 005_432000000000000_SOL |7 0 |9 74861 |a SOCS |b SOCS |d 2015-06-11 |g 229.00 |l 0 |o 005.432 SOL |p SOCS2020 |r 2015-06-11 |w 2015-06-11 |y BK | ||